Marketing strategies for competitve advantage /
This book is about: The process and players involved; Where to compete; How to compete; Evaluation and selection of strategy; Implementation and control of strategy; ...
Αποθηκεύτηκε σε:
| Κύριος συγγραφέας: | |
|---|---|
| Μορφή: | Βιβλίο |
| Γλώσσα: | English |
| Έκδοση: |
Chichester :
John Wiley & Sons,
2000
|
| Θέματα: | |
| Ετικέτες: |
Προσθήκη ετικέτας
Δεν υπάρχουν, Καταχωρήστε ετικέτα πρώτοι!
|
| Thư viện lưu trữ: | Mạng thư viện Đại học Đà Nẵng |
|---|
| LEADER | 00980cam a2200337 i 4500 | ||
|---|---|---|---|
| 001 | 000048555 | ||
| 003 | 8277 | ||
| 005 | 20021115231351.0 | ||
| 008 | 010321|2000 vm 000 eng | ||
| 020 | |a 0471981699 | ||
| 040 | |a IRC |c IRC |d IRC | ||
| 041 | 0 | |a eng | |
| 082 | 1 | 4 | |a 658.8 |b AD-D |
| 100 | 1 | |a Adcock, Dennis. | |
| 245 | 0 | 0 | |a Marketing strategies for competitve advantage / |c Dennis Adcock |
| 260 | |a Chichester : |b John Wiley & Sons, |c 2000 | ||
| 300 | |a viii, 406 p.; |c 24.5cm | ||
| 520 | 3 | |a This book is about: The process and players involved; Where to compete; How to compete; Evaluation and selection of strategy; Implementation and control of strategy; ... | |
| 630 | 0 | 4 | |a Marketing |
| 650 | 0 | 4 | |a Marketing |
| OWN | |a DUT | ||
| 049 | 0 | 0 | |a mt |
| 999 | |a From the UDN01 | ||
| TYP | |a Monograph | ||
| TYP | |a Printed language | ||
| 980 | |a Mạng thư viện Đại học Đà Nẵng | ||


